000 00484nam a2200181Ia 4500
005 20250326130319.0
008 250326s9999 xx 000 0 und d
037 _aTextbook
040 _aFMSL
_beng
_cFMSL
041 _aeng
_2eng
084 _aX:8H L0
_qFMSL
100 _aGupta R L
245 0 _aOutline of management accountancy
_cGupta R L
260 _aNew Delhi
_bNew Delhi, Nawman
_c1970
300 _a203p
942 _cTB
_hX:8H L0
999 _c1281948
_d1281948